An experimential approach to organization development/ (Record no. 363802)
[ view plain ]
| 000 -LEADER | |
|---|---|
| fixed length control field | 00448nam a2200145Ia 4500 |
| 008 - FIXED-LENGTH DATA ELEMENTS--GENERAL INFORMATION | |
| fixed length control field | 200626s9999 xx 000 0 und d |
| 020 ## - INTERNATIONAL STANDARD BOOK NUMBER | |
| International Standard Book Number | 978-0-13-254614-0 |
| 100 ## - MAIN ENTRY--PERSONAL NAME | |
| Personal name | Brown, Donald R. |
| 245 ## - TITLE STATEMENT | |
| Statement of responsibility, etc | Donald R. Brown.-- |
| Title | An experimential approach to organization development/ |
| 250 ## - EDITION STATEMENT | |
| Edition statement | 8th ed. |
| 260 ## - PUBLICATION, DISTRIBUTION, ETC. (IMPRINT) | |
| Place of publication, distribution, etc | New Jersey: |
| Name of publisher, distributor, etc | Pearson Education, Inc. |
| Date of publication, distribution, etc | 2011 |
| 300 ## - PHYSICAL DESCRIPTION | |
| Extent | 474 pages |
| 500 ## - GENERAL NOTE | |
| General note | Includes Index |
| 650 ## - SUBJECT ADDED ENTRY--TOPICAL TERM | |
| Topical term or geographic name as entry element | Organizational change. |
| Withdrawn status | Lost status | Damaged status | Home library | Current library | Shelving location | Date acquired | Total Checkouts | Full call number | Barcode | Date last seen | Price effective from | Koha item type |
|---|---|---|---|---|---|---|---|---|---|---|---|---|
| Southville International School Affiliated with Foreign Universities Library | Southville International School Affiliated with Foreign Universities Library | Southville Foreign University Section | 06/27/2020 | HD 58.8 .B877 2011 | SFU0950 | 06/27/2020 | 06/27/2020 | Books |